Normal view
MARC view
Entry Personal Name
001 - CONTROL NUMBER
- control field: 39529
003 - CONTROL NUMBER IDENTIFIER
- control field: ARRUPE
005 - DATE AND TIME OF LATEST TRANSACTION
- control field: 20180226094250.0
008 - FIXED-LENGTH DATA ELEMENTS
- fixed length control field: 180226|| aca||aabn | a|a d
040 ## - CATALOGING SOURCE
- Original cataloging agency: ARRUPE
- Transcribing agency: ARRUPE
100 ## - HEADING--PERSONAL NAME
- Personal name: Cazeneuve, Jean
670 ## - SOURCE DATA FOUND
- Source citation: Work cat.: (ARRUPE): Cazeneuve, Jean , Les rites et la condition humaine, 1958